000 00287nam a2200121Ia 4500
008 231106s2020 xx 000 0 und d
041 _aeng
082 _a751.42
100 _aDAVE WOOLASS
245 _aTHE ART OF DRAWING WILD ANIMALS
260 _bSEARCH PRESS
_c2020
300 _aP-96
999 _c920138
_d920138